Culture Générale - Série 1684 - Statistiques

Statistiques générales
  • Ce quiz a été pris 88 fois
  • Le résultat moyen est 6 sur 10
Statistiques - réponses
Question Réponse % Correct
Quel chanteur français se surnomme Mister Renard dans un de ses succès, sorti en 2002 ? Renaud
88%
Quel gâteau rectangulaire est fait de fines couches de pâte feuilletée superposées, séparées par de la crème pâtissière, et recouvert de sucre glace ou de fondant ? mille-feuille
83%
Sous quel pseudonyme la femme de lettres Françoise Quoirez est-elle connue ? Françoise Sagan
72%
Quel mot anglais est utilisé en français comme synonyme d'autocollant ? sticker
67%
Selon l'expression, quel lieu est pavé de bonnes intentions ? l'enfer
63%
Dans quelle cathédrale d'Eure-et-Loir peut-on admirer le vitrail Notre-Dame-de-la-Belle-Verrière ? Chartres
56%
A la télévision, quel comique britannique à l'humour potache tapotait le crâne chauve d'un papy joué par Jackie Wright ? Benny Hill
54%
Quelle était la nationalité du compositeur Edvard Grieg ? norvégienne
40%
Qui est le réalisateur du film “La Planète des singes”, sorti en 2001, avec Tim Roth ? Tim Burton
22%
À quelle famille appartenait Henri Ier dit le “Balafré”, assassiné en 1588 ? Guise
20%
Aucun quiz correspondant
Distribution des résultats
% des personnes avec chaque résultat
Percentile par nombre de réponses
Votre historique - résultats
Vous n’avez pas pris ce quiz